Governors of Michigan by Picture - Statistics

General Stats
  • This quiz has been taken 27 times
    3 since last reset
  • The average score is 20 of 51
Answer Stats
Picture Hint Answer % Correct
1963-1969 George W. Romney
100%
2019-Present Gretchen Whitmer
100%
1813-1831 Lewis Cass
100%
1949-1961 G. Mennen Williams
67%
2003-2011 Jennifer Granholm
67%
1991-2003 John Engler
67%
2011-2019 Rick Snyder
67%
1901-1905 Aaron T. Bliss
33%
1917-1921 Albert Sleeper
33%
1921-1927 Alex J. Groesbeck
33%
1853-1855 Andrew Parsons
33%
1861-1865 Austin Blair
33%
1877-1881 Charles Croswell
33%
1911-1913 Chase Osborn
33%
1887-1891 Cyrus G. Luce
33%
1881-1883 David Jerome
33%
1891-1893 Edwin B. Winans
33%
1848-1850 Epaphroditus Ransom
33%
1935-1937 | 1939 Frank Fitzgerald
33%
1937-1939 Frank Murphy
33%
1905-1911 Fred M. Warner
33%
1927-1931 Fred W. Green
33%
1831-1834 George Bryan Porter
33%
1943-1947 Harry Kelly
33%
1897-1901 Hazen S. Pingree
33%
1865-1869 Henry H. Crapo
33%
1869-1873 Henry P. Baldwin
33%
1983-1991 James J. Blanchard
33%
1841-1842 James Wright Gordon
33%
1873-1877 John J. Bagley
33%
1842-1846 | 1850-1852 John S. Barry
33%
*1835-1836* John S. Horner
33%
1961-1963 John Swainson
33%
1893-1897 John Treadway Rich
33%
1883-1885 Josiah Begole
33%
1947-1949 Kim Sigler
33%
1855-1859 Kinsley S. Bingham
33%
1939-1941 Luren Dickinson
33%
1859-1861 Moses Wisner
33%
1941-1943 Murray Van Wagoner
33%
1852-1853 Robert McClelland
33%
1885-1887 Russell A. Alger
33%
*1834-1835* | 1835-1840 Stevens T. Mason
33%
1931-1933 Wilber M. Brucker
33%
1933-1935 William Comstock
33%
1805-1813 William Hull
33%
1847-1848 William L. Greenly
33%
1969-1983 William Milliken
33%
1840-1841 William Woodbridge
33%
1913-1917 Woodbridge Nathan Ferris
33%
1846-1847 Alpheus French
0%
No matching quizzes found
Score Distribution
Percent of People with Each Score
Percentile by Number Answered
Your Score History
You have not taken this quiz since the last reset